Štruktúrna politika ako významný fenomén ekonomického rozvoja a stability ekonomiky
Interdependencia a diferenciácia stabilizačnej a štruktúrnej politiky. Východiská a orientácia štruktúrnej politiky pri realizácii ekonomického rozvoja. Predpoklady a opatrenia pre fungovanie štruktúrnej politiky v národnom hospodárstve.
Enregistré dans:
| Auteur principal: | |
|---|---|
| Format: | Chapitre de livre |
| Langue: | slovaque |
| Sujets: | |
| Tags: |
Pas de tags, Soyez le premier à ajouter un tag!
|
MARC
| LEADER | 00000naa a2200000 4500 | ||
|---|---|---|---|
| 001 | r048932 | ||
| 005 | 20230918082332.6 | ||
| 041 | 0 | |a slo | |
| 044 | |a SK | ||
| 245 | 1 | 0 | |a Štruktúrna politika ako významný fenomén ekonomického rozvoja a stability ekonomiky |c František Melišek |
| 520 | |a Interdependencia a diferenciácia stabilizačnej a štruktúrnej politiky. Východiská a orientácia štruktúrnej politiky pri realizácii ekonomického rozvoja. Predpoklady a opatrenia pre fungovanie štruktúrnej politiky v národnom hospodárstve. | ||
| 610 | 2 | 0 | |a politika štruktúrna |
| 610 | 2 | 0 | |a hospodárstvo národné |
| 610 | 2 | 0 | |a rozvoj hospodársky |
| 610 | 2 | 0 | |a stabilizácia hospodárstva |
| 610 | 2 | 0 | |a interdependencia |
| 610 | 2 | 0 | |a konkurencia |
| 610 | 2 | 0 | |a adaptabilita |
| 100 | 1 | |a Melišek, František | |